Vplyv finančno-hospodárskej krízy na medzinárodnú marketingovú stratégiu firiem v EÚ dizertačná práca

Saved in:
Bibliographic Details
Main Author: Brynkusová, Barbora
Corporate Author: Obchodná fakulta EU. Katedra medzinárodného obchodu
Other Authors: Zorkóciová, Otília, 1954-
Format: Book
Language:Slovak
Published: Bratislava 2012
Subjects:
Tags: Add Tag
No Tags, Be the first to tag this record!

MARC

LEADER 00000nbm a2200000 4500
001 0158749
005 20240502072748.8
041 0 |a slo 
044 |a SK 
245 1 0 |a Vplyv finančno-hospodárskej krízy na medzinárodnú marketingovú stratégiu firiem v EÚ  |b dizertačná práca  |c Barbora Brynkusová ; školiteľ: Otília Zorkóciová 
264 1 |a Bratislava  |c 2012 
300 |a 149 s. 
610 2 0 |a stratégia marketingová 
610 2 0 |a kríza finančná 
610 2 0 |a kríza hospodárska 
610 2 0 |a firmy 
610 2 0 |a Európska únia 
100 1 |a Brynkusová, Barbora 
700 1 |a Zorkóciová, Otília, 1954- 
710 2 |a Obchodná fakulta EU. Katedra medzinárodného obchodu